[Event "Santiago Women of Chile"]
[Site "Santiago de Chile"]
[Date "2016.01.12"]
[Round "1.4"]
[White "Moreno Araya, Maria Ignacia"]
[Black "Ruiz Olate, Emily Andrea"]
[Result "0-1"]
[WhiteElo "1156"]
[BlackElo "1899"]
[PlyCount "42"]
[EventDate "2016.01.12"]
[EventType "swiss"]
[EventRounds "9"]
[EventCountry "CHI"]
[SourceTitle "EXT 2024"]
[Source "ChessBase"]
[SourceDate "2023.10.10"]
[SourceVersion "1"]
[SourceVersionDate "2023.10.10"]
[SourceQuality "1"]

1. d4 Nf6 2. Bf4 g6 3. Nf3 Bg7 4. e3 d5 5. Be2 c5 6. c3 0-0 7. 0-0 Nbd7 8. Nbd2 Re8 9. Qc2 c4 10. e4 Nb6 11. Rfe1 dxe4 12. Nxe4 Bf5 13. Nfd2 Nxe4 14. Nxe4 e5 15. dxe5 Bxe5 16. Bxe5 Rxe5 17. Bf3 Qe7 18. Re2 Nd5 19. Rae1 Nf4 20. Re3 Nd3 21. R1e2 Re8 0-1